| 000 | 00744nam a2200229 a 4500 | ||
|---|---|---|---|
| 999 |
_c2410 _d2410 |
||
| 001 | 2410 | ||
| 003 | BD-JhCC | ||
| 005 | 20171106133603.0 | ||
| 008 | 171102s2002 bg |||| |||| 000 0 ben d | ||
| 035 | _a(BD-JhCC)2410 | ||
| 040 |
_aBD-JhCC _dBD-JhCC |
||
| 041 | _aben | ||
| 082 |
_a891.4409 _bHAS 2002 |
||
| 100 | _aহাসান, কাজী | ||
| 245 |
_aবেগম রোকেয়া / _c কাজী হাসান |
||
| 260 |
_aঢাকা : _bহাতেখড়ি, _c২০০২. |
||
| 300 |
_a৮৮ পৃ. : _c২১ সেমি. |
||
| 490 | _aছোটদের শ্রেষ্ঠ বাঙালি সিরিজ | ||
| 650 |
_aBengali Literature, _xJuvinel Literature |
||
| 942 |
_2ddc _cBK |
||